Spanish interiors and furniture (Record no. 5323)

MARC details
000 -CABECERA
campo de control de longitud fija 00740nam a2200241 a 4500
001 - NÚMERO DE CONTROL
campo de control BRCA_5629
005 - FECHA Y HORA DE LA ÚLTIMA TRANSACCIÓN
campo de control 20190320205148.0
008 - DATOS DE LONGITUD FIJA--INFORMACIÓN GENERAL
campo de control de longitud fija 210211s1928----nyua######---#000-0#eng-#
041 ## - CÓDIGO DE LENGUA
Código de lengua del texto/banda sonora o título independiente eng
044 ## - CÓDIGO DEL PAÍS DE LA ENTIDAD EDITORA/PRODUCTORA
Código MARC del país nyu
050 #4 - SIGNATURA TOPOGRÁFICA DE LA BIBLIOTECA DEL CONGRESO
Número de clasificación NK2062
Número de documento/Ítem .B96 1928
100 1# - ENTRADA PRINCIPAL--NOMBRE DE PERSONA
Nombre de persona Byne, Arthur
9 (RLIN) 11595
245 10 - MENCIÓN DE TÍTULO
Título Spanish interiors and furniture
Mención de responsabilidad, etc. photographs, drawings and text by Arthur Byne and Mildred Stapley.
260 ## - PUBLICACIÓN, DISTRIBUCIÓN, ETC.
Lugar de publicación, distribución, etc. Nueva York
Nombre del editor, distribuidor, etc. W. Helburn
Fecha de publicación, distribución, etc. 1928
300 ## - DESCRIPCIÓN FÍSICA
Extensión 2 v.
Otras características físicas il., 300 láminas
Dimensiones 35 cm.
500 ## - NOTA GENERAL
Nota general Incluye índice de láminas
500 ## - NOTA GENERAL
Nota general F107
650 14 - PUNTO DE ACCESO ADICIONAL DE MATERIA--TÉRMINO DE MATERIA
Término de materia o nombre geográfico como elemento de entrada Decoración y ornamentación
Subdivisión geográfica España
9 (RLIN) 11563
650 14 - PUNTO DE ACCESO ADICIONAL DE MATERIA--TÉRMINO DE MATERIA
Término de materia o nombre geográfico como elemento de entrada Muebles españoles
9 (RLIN) 14339
700 1# - PUNTO DE ACCESO ADICIONAL--NOMBRE DE PERSONA
Nombre de persona Byne, Mildred Stapley
Término indicativo de función/relación coaut.
9 (RLIN) 14340
902 ## - CATALOGADOR
Iniciales GFM
942 ## - ELEMENTOS DE PUNTO DE ACCESO ADICIONAL (KOHA)
Fuente del sistema de clasificación o colocación Library of Congress Classification
Tipo de ítem Koha Libros
Holdings
Estado de retiro Estado de pérdida Estado dañado No para préstamo Localización permanente Ubicación/localización actual Fecha de adquisición Número de inventario Total de préstamos Signatura topográfica completa Código de barras Fecha visto por última vez Precio válido a partir de Tipo de ítem Koha
El ejemplar forma parte de la colección y puede ser consultado según las políticas vigentes.       Biblioteca del Museo Franz Mayer (Rogerio Casas-Alatriste) Biblioteca del Museo Franz Mayer (Rogerio Casas-Alatriste) 15/02/2011 F107   NK2062 .B96 1928 (F107) 6065 22/03/2019 22/03/2019 Libros